Guess The American Brands! #28 - Statistics

General Stats
  • This quiz has been taken 23 times
  • The average score is 12 of 24
Answer Stats
Picture Answer % Correct
Grand Theft Auto
88%
Pop Tarts
88%
7 Up
82%
Dawn
82%
Mr Clean
82%
Tootsie Roll
82%
Popsicle
76%
Elmers
65%
Pepto Bismol
65%
Salvation Army
65%
Union Pacific
65%
Klondike
59%
Showtime
53%
Goodwill
47%
Fleischer Studios
41%
OXY
35%
Tiffanys & Co
29%
Procter & Gamble
24%
Valero
24%
AIG
18%
Anglo American
12%
Bebo
12%
Merck
12%
Prudential
12%
No matching quizzes found
Score Distribution
Percent of People with Each Score
Percentile by Number Answered
Your Score History
You have not taken this quiz